000 00587nmm a2200169Ia 4500
008 251105s9999||||xx |||||||||||||||||und||
020 _a9788498301304
041 _aspa
100 _aMónica Ibáñez González, Zuriñe Lezaun Barreras, Mariola Serrano Argüeso, Gema Tomás Martínez
245 0 _aAcoso sexual en el ámbito laboral
264 _a[Madrid, España] :
_bUniversidad de Deusto,
_c2007
300 _a162 páginas
490 _aGranate - Serie Ciencias Sociales
650 _aCultural Studies
856 _uhttps://public.digitaliapublishing.com/a/17946
942 _cCF
999 _c91561
_d91561